| 000 | 01077nam a22002537a 4500 | ||
|---|---|---|---|
| 005 | 20080711103247.0 | ||
| 006 | a|||||r|||||00| 0 | ||
| 008 | 080711t xxu||||| |||| 00| 0 hin d | ||
| 010 | _aHIN-83813 | ||
| 020 | _c30.00 | ||
| 035 | _aHN-56159 | ||
| 037 | _bDBAD / PUB | ||
| 040 |
_aDPL _bHN |
||
| 082 | _a947.0841 | ||
| 100 | _aलेनिन | ||
| 245 |
_aजनता के बीच पार्टी का काम / _cलेनिन |
||
| 246 |
_aJanta ke beech paryt ka Kam _bby Lenin |
||
| 260 |
_aलखनऊ _bराहुल फाउण्डेशन _c2004 |
||
| 270 |
_aजनचेतना- डी-68, निरालानगर _bलखनऊ _e226020 |
||
| 300 |
_a155पृ _c22सेमी(अजिल्द) |
||
| 650 | _aCommunism | ||
| 942 |
_2ddc _cHN _h947.0841 _mलेनिन |
||
| 999 |
_c14408 _d14408 |
||